000 01095cab a2200241 4500
001 ABS55212
008 090401t1996 xxu||||| |||| 00| 0 eng d
035 _a(Sirsi) u14853
041 _aeng
100 _aBoston, C.
245 4 _aThe law that pleases no one
260 _c1996
350 _a0
490 _aEstates Gazette
_v(9621) 25 May 1996, 138-139(2)
520 _aDescribes a survey into the workings of the leasehold enfranchisement machinery. Findings indicate widespread dissatisfaction with current leasehold legislation. Issues include criteria for determining an eligible lease, effective valuation date for the claim, price determination, treatment of marriage value, tenants rights on lease expiry, justification for estate management schemes and procedure for resolving disputes on valuation issues.
650 _aLEASEHOLD ENFRANCHISEMENT
650 _aLEASEHOLD REFORM ACT 1967
650 _aLEASEHOLD REFORM, HOUSING AND URBAN DEVELOPMENT ACT 1993
690 _aLANDLORD AND TENANT-LEASEHOLD REFORM
700 _aRadford, D
942 _n0
948 _c04/03/1997
999 _c9694
_d9694